| 000 | 00505nam a2200169Ia 4500 | ||
|---|---|---|---|
| 003 | GCL | ||
| 008 | 140319s9999 xx 000 0 ara d | ||
| 040 |
_aGCL / _cGCL |
||
| 082 | 0 | 4 |
_a953 _bح م |
| 100 | 1 | _aحمدى الطاهرى | |
| 245 | 1 | 0 |
_aالموسوعة العربية : العالم العربى تاريخ وواقع ج1 / _cحمدى الطاهرى |
| 300 | _a366 ص | ||
| 490 | _a | ||
| 650 | 0 | 4 | _aالعالم العربى |
| 650 | 0 | 4 | _aالحضارة الاسلامية |
| 942 |
_2ddc _cBK |
||
| 999 |
_c41974 _d41974 |
||